[Event "Chennai Murali Mohan Memorial 2nd"]
[Site "Chennai"]
[Date "2023.07.15"]
[Round "3"]
[White "Suman, Yaddanapudi"]
[Black "Rajarishi, Karthi"]
[Result "0-1"]
[WhiteElo "1380"]
[BlackElo "2109"]
[PlyCount "57"]
[EventDate "2023.07.15"]
[EventType "swiss (rapid)"]
[EventRounds "9"]
[EventCountry "IND"]
[SourceTitle "CBM 215 Extra"]
[Source "ChessBase"]
[SourceDate "2023.09.30"]
[SourceVersion "1"]
[SourceVersionDate "2023.09.30"]
[SourceQuality "1"]

1. e4 e6 2. d4 d5 3. e5 c5 4. c3 Nc6 5. Nf3 Nge7 6. Be2 Nf5 7. g4 Nh4 8. Nxh4 Qxh4 9. Be3 cxd4 10. cxd4 Bb4+ 11. Nd2 0-0 12. a3 Ba5 13. h3 f6 14. b4 fxe5 15. Nf3 Rxf3 16. Bxf3 Bb6 17. Qd2 Nxd4 18. Bxd4 Bxd4 19. Rc1 Bd7 20. Kf1 Rf8 21. Kg2 Qf6 22. Bd1 e4 23. Rc2 Bb5 24. Re1 Bd3 25. Rc7 Bxf2 26. Rxb7 Qd4 27. Re2 Bxe2 28. Qxe2 Bh4 29. Kh1 0-1